| 000 | 00847nam a2200229 i 4500 | ||
|---|---|---|---|
| 001 | bg | ||
| 245 | 0 | 0 |
_aLII Otwarte Seminarium z Akustyki OSA = _b52. Open Seminar on Acoustics : Poznań - Wągrowiec 11-15. / _c[red.] Tomasz Hornowski, Anna Preis _n9. _n005. |
| 260 |
_aPoznań - Węgrowiec : _bPolskie Towarzystwo Akustyczne, _c2005. |
||
| 300 |
_a263 s. : _brys., wykr. ; _c24 cm. |
||
| 500 | _aTekst częśc. ang. | ||
| 504 | _aBibliogr. przy ref. | ||
| 650 | 9 | _aAkustyka | |
| 655 | _aMateriały konferencyjne | ||
| 700 | 1 |
_aHORNOWSKI, Tomasz. _eRed. |
|
| 700 | 1 |
_aPREIS, Anna. _eRed. |
|
| 040 | _cBPK | ||
| 041 | 0 | _apoleng | |
| 080 | _a534(061) | ||
| 942 | _cKS | ||
| 008 | s pl f |000 0 pol | ||
| 999 |
_c51468 _d51468 |
||
| 856 |
_uhttp://koha.tu.koszalin.pl/cgi-bin/koha/opac-detail.pl?biblionumber=51468 _yKatalog online BPK |
||